Zuckerman and Ors v Trustees of Calthorpe Estate (Record no. 82081)

MARC details
000 -LEADER
fixed length control field 01696cab a22002415a 4500
001 - CONTROL NUMBER
control field L149182
008 - FIXED-LENGTH DATA ELEMENTS--GENERAL INFORMATION
fixed length control field 100125e2009 xxk 000 0 eng d
035 ## - SYSTEM CONTROL NUMBER
System control number (Sirsi) u149182
041 0# - LANGUAGE CODE
Language code of text/sound track or separate title eng
245 00 - TITLE STATEMENT
Title Zuckerman and Ors v Trustees of Calthorpe Estate
260 ## - PUBLICATION, DISTRIBUTION, ETC.
Date of publication, distribution, etc. 2009
520 ## - SUMMARY, ETC.
Summary, etc. [2009] UKUT 235 (LC), LRA/97/2008 18 November 2009. Appeal against LVT decision by 11 leaseholders on a block of flats in the West Midlands claiming new leases under the Leasehold Reform Housing and Urban Development Act 1993. Appeal against the standard 5% deferment rate set out in "Sportelli v Earl Cadogan" (L146351) [2008] UKHL 71 on grounds of deterioration and obsolescence, prospects of future growth and the appropriate allowance for flats. Recognised that there was a greater risk of deterioration in the properties in the West Midlands than in Prime Central London as would have applied in ?Sportelli? allowing a 0.25% risk premium, 0.5% was allowed for future growth and an additional 0.5% for flats management problems. Deferment rate increased from 5% to 6%.
590 ## - LOCAL NOTE (RLIN)
Local note KA
650 24 - SUBJECT ADDED ENTRY--TOPICAL TERM
Topical term or geographic name entry element EARL CADOGAN V PITTS & ANOR AND EARL CADOGAN & ORS V SPORTELLI & ANOR AND TWO OTHER ACTIONS
650 24 - SUBJECT ADDED ENTRY--TOPICAL TERM
Topical term or geographic name entry element CULLEY V DAEJAN PROPERTIES LTD
650 24 - SUBJECT ADDED ENTRY--TOPICAL TERM
Topical term or geographic name entry element ZUCKERMAN V TRUSTEES OF CALTHORPE ESTATE
650 24 - SUBJECT ADDED ENTRY--TOPICAL TERM
Topical term or geographic name entry element LEASEHOLD REFORM, HOUSING AND URBAN DEVELOPMENT ACT 1993
650 24 - SUBJECT ADDED ENTRY--TOPICAL TERM
Topical term or geographic name entry element SPORTELLI
651 #4 - SUBJECT ADDED ENTRY--GEOGRAPHIC NAME
Geographic name ENGLAND AND WALES
690 ## - LOCAL SUBJECT ADDED ENTRY--TOPICAL TERM (OCLC, RLIN)
Topical term or geographic name as entry element RESIDENTIAL PROPERTY-RESIDENTIAL LANDLORD AND TENANT-RESIDENTIAL LEASES-RESIDENTIAL LEASEHOLD ENFRANCHISEMENT
856 48 - ELECTRONIC LOCATION AND ACCESS
Uniform Resource Identifier <a href="https://www.landstribunal.gov.uk/Aspx/view.aspx?id=644">https://www.landstribunal.gov.uk/Aspx/view.aspx?id=644</a>
Public note View the items free of charge at www.landstribunal.gov.uk...
942 ## - ADDED ENTRY ELEMENTS (KOHA)
Suppress in OPAC 0
Holdings
Withdrawn status Lost status Source of classification or shelving scheme Damaged status Not for loan Home library Current library Shelving location Date acquired Total Checkouts Full call number Barcode Date last seen Copy number Price effective from Koha item type
    Dewey Decimal Classification     Virtual Virtual Online 25/01/2010   ONLINE PUBLICATION 149182-2001 06/08/2019 1 06/08/2019 Law report